Xarxa de Parcs Naturals
Publicado:
Barcelona :
Diputació de Barcelona. Àrea d'Espais Naturals : Xarxa de Parcs Naturals ,
2006
Descripción Física:
1 f. plegat en 4 parts. : il. ; 24 cm
MARC
| LEADER | 00000nam a2200000Ia 4500 | ||
|---|---|---|---|
| 001 | 21064 | ||
| 008 | 160829s2006 xx 000 0 cat d | ||
| 080 | |a FU-26-21 | ||
| 110 | 1 | |a Barcelona (Catalunya : Província). |b Xarxa de Parcs Naturals |9 7250 | |
| 245 | |a Xarxa de Parcs Naturals | ||
| 250 | |a Ed. en castellano | ||
| 260 | |a Barcelona : |b Diputació de Barcelona. Àrea d'Espais Naturals : |b Xarxa de Parcs Naturals, |c 2006 | ||
| 300 | |a 1 f. plegat en 4 parts. : |b il. ; |c 24 cm | ||
| 590 | |a Inclou un mapa amb la localització dels parcs naturals de la província de Barcelona. | ||
| 590 | |a Hi ha un altre exemplar en català amb R. 21063 | ||
| 610 | 1 | 0 | |a Barcelona (Catalunya : Província). |b Xarxa de Parcs Naturals |9 7250 |
| 650 | 0 | |a Espais naturals |z Barcelona (Província) |9 40638 | |
| 710 | |a Barcelona (Catalunya : Província). |b Àrea d'Espais Naturals |9 9050 | ||
| 901 | |a Arxiu | ||
| 942 | |n 1 | ||
| 952 | |0 0 |1 0 |4 0 |6 FU2621 |7 1 |9 51249 |a Arxiu |b Arxiu |d 2016-12-01 |l 0 |o FU-26-21 |p 21064 |r 2016-12-01 00:00:00 |w 2016-12-01 |y ARXIU | ||
| 999 | |c 55092 |d 55092 | ||